01011nam a2200241 a 450000100100000000500170001000800410002704000250006808200170009310000340011024000280014424500710017226000360024330000260027950000290030550400740033459000760040865000410048470000290052591000390055495201590059399900170075200003499120200930074031.0111024s1958 ag 000 0 spa d aDO-SdBNPbspacBNPHU a323.4bG212L1 aGaraudy, Roger,d1913-96058313aLa libertélespañol13aLa libertad /cRoger Garaudy ; traducido del francés Sara Manso. aBuenos Aires :bLautaro,c1958. a509, [4] p. ;c21 cm. aTraducido del francés. aIncluye referencias bibliográficas y notas al pie de las páginas. aPerteneció a la biblioteca personal de Juan Isidro Jimenes Grullón. 4aLibertad (ciencia política)9605961 aManso, Sara,etr.960597 aValidado. Control de calidad BNPHU 001050718MOaGRbGRcHDd2011-10-24iLF1l0o323.4 G212Lp34991-10r2020-06-25w2020-06-25y1zBiblioteca Juan Isidro Jiménes GrullónZNo se presta c34482d34482